000 00457nam a22001577a 4500
003 PILC
005 20150112093441.0
008 130226t xxu||||| |||| 00| 0 eng d
050 _aDS 689
_b.D881 1988
082 _aSFf 959.9
_bD88 1988
100 _aDuldulao, Manuel D.
_918972
245 _aImages of Manila /
_cDuldulao, Manuel D.
260 _aPhilippines
_bOro Books
_c1988.
300 _a263 pages :
_c29 cm.
_bcolored illustration ;
942 _2lcc
_cBK
999 _c14752
_d14752